[Event "HUN-chT2 Asztalos 1718"]
[Site "Hungary"]
[Date "2018.03.25"]
[Round "8.11"]
[White "Borsfai, Attila"]
[Black "Gyenis, Denes"]
[Result "1-0"]
[WhiteElo "1712"]
[BlackElo "1411"]
[PlyCount "67"]
[EventDate "2017.10.29"]
[EventType "team-tourn"]
[EventRounds "9"]
[EventCountry "HUN"]
[SourceTitle "EXT 2021"]
[Source "ChessBase"]
[SourceDate "2020.10.23"]
[SourceVersion "1"]
[SourceVersionDate "2020.10.23"]
[SourceQuality "1"]
[WhiteTeam "Marcali"]
[BlackTeam "Szentlorinc"]
[WhiteTeamCountry "HUN"]
[BlackTeamCountry "HUN"]

1. d4 Nf6 2. Nf3 g6 3. Nbd2 Bg7 4. e4 d6 5. c3 0-0 6. Bd3 Nbd7 7. 0-0 e5 8. Re1 Qe7 9. Nf1 Ne8 10. Ng3 Nb6 11. h3 f5 12. exf5 gxf5 13. Bg5 Qe6 14. Bc2 e4 15. Bb3 d5 16. Bf4 h6 17. Ne5 c6 18. Nh5 Nd7 19. Nxg7 Kxg7 20. Re3 Kh7 21. Rc1 Nd6 22. Rg3 Rg8 23. Rxg8 Kxg8 24. Qh5 Nxe5 25. dxe5 Nf7 26. c4 Bd7 27. Rc3 Be8 28. Qh4 Kh7 29. cxd5 cxd5 30. Rc7 b6 31. Re7 Qc6 32. e6 Kg8 33. exf7+ Bxf7 34. Rc7 1-0

[Event "HUN-chT2 Asztalos 1718"]
[Site "Hungary"]
[Date "2017.12.17"]
[Round "4.11"]
[White "Dani, Ferenc"]
[Black "Gyenis, Denes"]
[Result "1/2-1/2"]
[WhiteElo "1642"]
[BlackElo "1411"]
[PlyCount "67"]
[EventDate "2017.10.29"]
[EventType "team-tourn"]
[EventRounds "9"]
[EventCountry "HUN"]
[SourceTitle "EXT 2021"]
[Source "ChessBase"]
[SourceDate "2020.10.23"]
[SourceVersion "1"]
[SourceVersionDate "2020.10.23"]
[SourceQuality "1"]
[WhiteTeam "Pecs Karmin"]
[BlackTeam "Szentlorinc"]
[WhiteTeamCountry "HUN"]
[BlackTeamCountry "HUN"]

1. d4 Nf6 2. c4 g6 3. Nc3 Bg7 4. e4 d6 5. f3 0-0 6. Be3 Nbd7 7. Nge2 e5 8. d5 a5 9. g4 Nc5 10. a4 Bxg4 11. fxg4 Nxg4 12. Bxc5 dxc5 13. Qd3 Bh6 14. Nd1 Qh4+ 15. Ng3 f5 16. Ra3 f4 17. Bg2 fxg3 18. Qxg3 Qxg3+ 19. Rxg3 Nf6 20. Bf3 Bf4 21. Rg2 g5 22. Nf2 Kf7 23. h4 h6 24. Ng4 Nxg4 25. Bxg4 Rh8 26. h5 Ke7 27. Ke2 Rhf8 28. Rd1 Rf6 29. Rd3 Raf8 30. Rb3 b6 31. Rd3 Bc1 32. b3 Bb2 33. Bf5 Bd4 34. Rf3 1/2-1/2